• 首页
  • 本馆介绍
  • 公告通知
  • 最新文献
  • 馆藏检索
  • 电子资源
  • 读者导购
  • 参考咨询
  • 我的图书馆
  • 登录
  • 详细信息显示
  • 放入我的书架
  • 预约/预借图书
  • 作者相关作品
  • 分类相关作品
  • 丛书相关作品
  • 出版社相关作品

书目信息

  • 表格格式
  • 工作单格式
  • 卡片格式
题名:
21世纪的海权
    
 
作者: 朱锋 主编
分册:  
出版信息: 北京   世界知识出版社  2015
页数: 347页
开本: 24cm
丛书名:
单 册:
中图分类: E815
科图分类:
主题词: 制海权--zhi hai quan--研究
电子资源:
ISBN: 978-7-5012-5072-1
000 00887nam0 22002531 450
001 1760871268
005 20170619171922.0
010    @a978-7-5012-5072-1@dCNY45.00
100    @a20160217d2015 em y0chiy50 ea
101 0  @achi
102    @aCN@b110000
105    @ay z 000yy
106    @ar
200 1  @a21世纪的海权@921shi ji de hai quan@e历史经验与中国课题@f朱锋主编
210    @a北京@c世界知识出版社@d2015
215    @a347页@d24cm
300    @a南海文库
330    @a本书主要内容包括:21世纪的海权:什么主导着大国间的战略竞争?崛起中的21世纪强国:海权对于中国依然重要么?海权视角下的“海洋强国”——21世纪中国的海洋利益与安全等。
517 1  @a历史经验与中国课题@9li shi jing yan yu zhong guo ke ti
606 0  @a制海权@9zhi hai quan@x研究
690    @aE815@v5
701  0 @a朱锋@9zhu feng@f(1964~)@4主编
801  0 @aCN@b百万庄@c20170617
905    @b1013529-31@dE815@e43@f3
    
    21世纪的海权:历史经验与中国课题/朱锋主编.-北京:世界知识出版社,2015
    347页;24cm
    南海文库
    
    ISBN 978-7-5012-5072-1:CNY45.00
    本书主要内容包括:21世纪的海权:什么主导着大国间的战略竞争?崛起中的21世纪强国:海权对于中国依然重要么?海权视角下的“海洋强国”——21世纪中国的海洋利益与安全等。
●
相关链接 在E读中查询图书 在五车中查询图书 在当当中查询图书 在豆瓣中查询图书


正题名:21世纪的海权     索取号:E815/43         预约/预借

序号 登录号 条形码 馆藏地/架位号 状态 备注
1 1013529   210135290   第一样本阅览室/ [索取号:E815/43] 在馆    
2 1013530   210135307   第一借阅区/ [索取号:E815/43] 在馆    
3 1013531   210135316   教育系资料室/ [索取号:E815/43] 在馆    
唐山师范学院图书馆 欢迎您!
大连网信软件有限公司© 版权所有